Stakeholder Responses to Climatic Disasters: A Case of Batticaloa, Sri Lanka (Record no. 3187)
[ view plain ]
| 000 -LEADER | |
|---|---|
| fixed length control field | 00326nam a2200109Ia 4500 |
| 008 - FIXED-LENGTH DATA ELEMENTS--GENERAL INFORMATION | |
| fixed length control field | 200302s9999 xx 000 0 und d |
| 100 ## - MAIN ENTRY--PERSONAL NAME | |
| Personal name | Chethika Abenayake |
| 245 ## - TITLE STATEMENT | |
| Title | Stakeholder Responses to Climatic Disasters: A Case of Batticaloa, Sri Lanka |
| 260 ## - PUBLICATION, DISTRIBUTION, ETC. | |
| Name of publisher, distributor, etc. | Cept University Press Ahmedabad |
| 260 ## - PUBLICATION, DISTRIBUTION, ETC. | |
| Date of publication, distribution, etc. | 2012 |
| 300 ## - PHYSICAL DESCRIPTION | |
| Extent | 89 P., |
| Withdrawn status | Lost status | Damaged status | Not for loan | Permanent Location | Current Location | Date acquired | Cost, normal purchase price | Total Checkouts | Full call number | Barcode | Date last seen | Date last checked out | Price effective from | Koha item type |
|---|---|---|---|---|---|---|---|---|---|---|---|---|---|---|
| BMS College of Architecture, Design and Planning | BMS College of Architecture, Design and Planning | 2020-03-03 | 1000.00 | 2 | 551.69 | CL-UG62429 | 2026-02-10 | 2026-01-27 | 2020-03-03 | UG Books from CL |